Modern-Day Countries of Gran Colombia on a Map - Statistics

General Stats
  • This quiz has been taken 5,214 times
  • The average score is 9 of 9
Answers on the Map
Answers color-coded by a green-red scale on the quiz's map according to % correct below.
 
Answer Stats
Countries % Correct
Brazil
100%
Colombia
100%
Panama
100%
Ecuador
99%
Peru
99%
Venezuela
99%
Costa Rica
98%
Guyana
98%
Nicaragua
97%
No matching quizzes found
Score Distribution
Percent of People with Each Score
Percentile by Number Answered
Your Score History
You have not taken this quiz